La Trinidad
Tallennettuna:
| Päätekijä: | |
|---|---|
| Aineistotyyppi: | Kirja |
| Kieli: | espanja latina |
| Julkaistu: |
Madrid
Biblioteca de Autores Cristianos
1986
|
| Sarja: | Biblioteca de Autores Cristianos, 481
|
| Aiheet: | |
| Tagit: |
Lisää tagi
Ei tageja, Lisää ensimmäinen tagi!
|
MARC
| LEADER | 00000nam a2200000 a 4500 | ||
|---|---|---|---|
| 001 | UCL4989 | ||
| 003 | CL-VaPUC | ||
| 008 | 040227e19860000SP |||||||||||||||||spa|d | ||
| 020 | |a 8422012685 | ||
| 041 | 0 | 7 | |a spa |2 CL-VaPUC |
| 041 | 0 | 7 | |a lat |2 CL-VaPUC |
| 082 | 0 | 4 | |a 231.044 |b HIL |2 21 |
| 100 | 0 | |a San Hilario de Poitiers |e author |9 482732 | |
| 245 | 1 | 3 | |a La Trinidad |
| 300 | |a 711 p | ||
| 942 | |c BK | ||
| 945 | |d 20040227 00:00:00 |a cmena | ||
| 260 | |a Madrid |b Biblioteca de Autores Cristianos |c 1986 | ||
| 600 | 0 | 7 | |a SANTISIMA TRINIDAD |2 CL-VaPUC |9 347537 |
| 650 | 0 | |a Teología |9 258766 | |
| 583 | |a last modification |c 20040227 00:00:00 |k Rodrigo Vera | ||
| 490 | 0 | |a Biblioteca de Autores Cristianos, 481 | |
| 999 | |c 307734 |d 307732 | ||
| 952 | |0 0 |1 0 |4 0 |6 231_044000000000000_HIL_1986 |7 0 |8 A |9 373821 |a BIBTEO |b BIBTEO |d 2019-11-21 |i 3957888 |o 231.044 HIL 1986 |p 3957888 |r 2025-01-17 |w 2019-11-21 |y BK |k ICR | ||